[Event "European Individual Championship (Women)"]
[Site "Mamaia ROU"]
[Date "2016.06.06"]
[EventDate "2016.05.27"]
[Round "10.4"]
[Result "0-1"]
[White "Deimante Cornette"]
[Black "Antoaneta Stefanova"]
[WhiteElo "2392"]
[BlackElo "2507"]
[PlyCount "90"]

1. e4 g6 2. d4 Bg7 3. Nc3 d6 4. Be3 a6 5. Qd2 b5 6. h4 Nf6
7. f3 h5 8. Nh3 Bxh3 9. Rxh3 c6 10. Bd3 Nbd7 11. Nd1 Nb6
12. Nf2 Nfd7 13. Kf1 c5 14. c3 Rc8 15. d5 Ne5 16. Bg5 Nxd3
17. Nxd3 b4 18. Rc1 bxc3 19. Rxc3 Qd7 20. Ke2 Bxc3 21. Qxc3 f6
22. Bc1 Qa4 23. a3 Qb5 24. Kf2 Qc4 25. Qd2 Qd4+ 26. Ke2 c4
27. Nb4 Qxd2+ 28. Bxd2 Na4 29. Bc3 Nxc3+ 30. bxc3 Rb8 31. Nxa6
Rb3 32. f4 Rxa3 33. Nb4 Kf7 34. Rf3 e5 35. fxe5 dxe5 36. Kd2
Rha8 37. Kc2 Ra1 38. Kd2 Rh1 39. Rf2 Raa1 40. Re2 Rxh4 41. Kc2
Rhh1 42. Rd2 Rhc1+ 43. Kb2 Rd1 44. Rf2 Rdb1+ 45. Kc2 Rxb4 0-1

[Event "European Individual Championship (Women)"]
[Site "Mamaia ROU"]
[Date "2016.06.07"]
[EventDate "2016.05.27"]
[Round "11.3"]
[Result "1-0"]
[White "Antoaneta Stefanova"]
[Black "Natalia Pogonina"]
[WhiteElo "2507"]
[BlackElo "2490"]
[PlyCount "149"]

1. Nf3 Nf6 2. g3 b6 3. Bg2 Bb7 4. O-O e6 5. c4 Be7 6. Nc3 O-O
7. Re1 d5 8. cxd5 exd5 9. d4 Ne4 10. Ne5 Nxc3 11. bxc3 Nd7
12. c4 Nxe5 13. dxe5 c6 14. cxd5 cxd5 15. Qb3 Qd7 16. Rd1 Rfd8
17. Bb2 Bc5 18. Rd2 a5 19. Ba3 a4 20. Qb2 Qe7 21. Bxc5 bxc5
22. Rad1 c4 23. Bxd5 Bxd5 24. Rxd5 Rxd5 25. Rxd5 Rc8 26. Qc3
h6 27. h4 Qb7 28. Rd2 Qb1+ 29. Kg2 Qe4+ 30. f3 Qb1 31. h5 Qb5
32. Rd4 a3 33. Rd2 Qc5 34. Rc2 Kh8 35. Rc1 Kg8 36. Rc2 Kh8
37. g4 Kg8 38. Rc1 Rc7 39. Rc2 Rc8 40. Rc1 Rc7 41. Rb1 Rc8
42. Rb4 Qa5 43. Kh3 Qa6 44. Rb1 Qa7 45. Kg2 Qa6 46. Rd1 Qa4
47. Rd6 Qb5 48. Rd2 Qb1 49. e6 fxe6 50. Qe3 Re8 51. Qxa3 e5
52. Qa4 Rc8 53. Qa6 Qb8 54. Rd7 e4 55. Qe6+ Kh8 56. Qxe4 Re8
57. Qxc4 Qb2 58. Kf2 Qf6 59. Rd1 Qb6+ 60. Kf1 Qb8 61. Kg2 Qb2
62. Kh3 Qa3 63. Rd7 Rg8 64. Rd3 Qa5 65. Kg2 Re8 66. Rd4 Qa3
67. Re4 Rd8 68. Qf7 Qa8 69. a4 Rf8 70. Qg6 Qd8 71. Re6 Rg8
72. Qe4 Rf8 73. Qe5 Kh7 74. Re7 Rg8 75. a5 1-0

[Event "Eurasian Blitz Chess Cup"]
[Site "Almaty KAZ"]
[Date "2016.06.18"]
[EventDate "2016.06.18"]
[Round "3.8"]
[Result "0-1"]
[White "Antoaneta Stefanova"]
[Black "Gawain Jones"]
[WhiteElo "2505"]
[BlackElo "2650"]
[PlyCount "60"]

1. Nf3 g6 2. e4 c5 3. c3 d5 4. exd5 Qxd5 5. d4 Bg7 6. Be3 cxd4
7. Nxd4 Nf6 8. h3 O-O 9. Na3 Nc6 10. Nf3 Be6 11. Bc4 Qf5
12. g4 Qe4 13. Bd3 Qd5 14. Bc4 Qa5 15. Bxe6 fxe6 16. Ng5 Nd5
17. Nxe6 Nxe3 18. fxe3 Qe5 19. Nxf8 Qg3+ 20. Kd2 Rd8+ 21. Kc2
Qf2+ 22. Kb3 Rxd1 23. Raxd1 Bxf8 24. Nc4 b5 25. Nd2 Na5+
26. Kc2 Nc4 27. Kc1 Nxe3 28. Rde1 Bh6 29. g5 Bxg5 30. h4 Nc4
0-1

[Event "Eurasian Blitz Chess Cup"]
[Site "Almaty KAZ"]
[Date "2016.06.18"]
[EventDate "2016.06.18"]
[Round "7.13"]
[Result "1-0"]
[White "Rauf Mamedov"]
[Black "Antoaneta Stefanova"]
[WhiteElo "2655"]
[BlackElo "2505"]
[PlyCount "38"]

1. e4 e5 2. Nc3 Nc6 3. g3 g6 4. Bg2 Bg7 5. d3 Nge7 6. Nge2 O-O
7. O-O d6 8. Be3 Nd4 9. Qd2 Bg4 10. f3 Be6 11. Nd1 d5 12. Nxd4
exd4 13. Bh6 dxe4 14. fxe4 Nc6 15. Nf2 Qd7 16. h4 Ne5 17. Bf4
c5 18. b3 b5 19. a4 a6 1-0

[Event "Eurasian Blitz Chess Cup"]
[Site "Almaty KAZ"]
[Date "2016.06.18"]
[EventDate "2016.06.18"]
[Round "8.13"]
[Result "0-1"]
[White "Antoaneta Stefanova"]
[Black "Rauf Mamedov"]
[WhiteElo "2505"]
[BlackElo "2655"]
[PlyCount "154"]

1. Nf3 g6 2. g3 Bg7 3. Bg2 e5 4. d3 d6 5. O-O Nf6 6. c4 O-O
7. Nc3 Nc6 8. Bd2 Re8 9. e4 a6 10. a3 Bg4 11. h3 Bxf3 12. Bxf3
Nd7 13. Bg2 Nd4 14. Be3 a5 15. b4 axb4 16. axb4 Rxa1 17. Qxa1
Nc2 18. Qb2 Nxe3 19. fxe3 c6 20. h4 Nf6 21. Qe2 Qb6 22. Rb1
Bh6 23. Nd1 Ra8 24. g4 Bf8 25. g5 Nh5 26. Bf3 Nf4 27. Qd2 Ne6
28. Bg4 Ng7 29. Qb2 Be7 30. c5 Qc7 31. Kg2 Rd8 32. cxd6 Qxd6
33. Nf2 f5 34. exf5 gxf5 35. Bf3 h6 36. Qb3+ Kh8 37. gxh6 Qxh6
38. Qf7 Bf6 39. Qxb7 Rg8 40. Qxc6 Nh5+ 41. Kf1 Ng3+ 42. Ke1 e4
43. Be2 exd3 44. Nxd3 Qxh4 45. Kd2 Bg5 46. Qc3+ Rg7 47. Qc8+
Kh7 48. Nc5 Re7 49. Bd3 Bxe3+ 50. Kc2 Qf4 51. Qc6 Rc7 52. Qd5
Bxc5 53. bxc5 Qf2+ 54. Kb3 Qxc5 55. Qxc5 Rxc5 56. Rg1 Nh5
57. Rg5 Ng7 58. Bc4 Kh6 59. Rg1 f4 60. Kc3 Nf5 61. Kd3 Ng3
62. Be6 Re5 63. Bc8 Kg5 64. Kd2 Re8 65. Bh3 Rd8+ 66. Ke1 Kh4
67. Bg2 Re8+ 68. Kf2 Re3 69. Bf3 Ra3 70. Rc1 Ra2+ 71. Kg1 Nf5
72. Bd5 Rd2 73. Be4 Nd4 74. Rf1 Ne2+ 75. Kf2 Ng3+ 76. Ke1 Re2+
77. Kd1 Rxe4 0-1

[Event "Eurasian Blitz Chess Cup"]
[Site "Almaty KAZ"]
[Date "2016.06.18"]
[EventDate "2016.06.18"]
[Round "13.22"]
[Result "1-0"]
[White "Antoaneta Stefanova"]
[Black "Anuar Ismagambetov"]
[WhiteElo "2505"]
[BlackElo "2542"]
[PlyCount "153"]

1. Nf3 Nf6 2. g3 c5 3. Bg2 Nc6 4. c4 e5 5. Nc3 g6 6. O-O Bg7
7. Ne1 d6 8. Nc2 O-O 9. Ne3 Be6 10. Rb1 Qd7 11. Re1 Ne8 12. a3
a5 13. d3 f5 14. Ned5 Nf6 15. Nb6 Qf7 16. Nxa8 Rxa8 17. Bd2 h6
18. Nb5 Qe7 19. e3 e4 20. Bc3 Rd8 21. b3 Bf7 22. dxe4 fxe4
23. Qc2 Ne5 24. Bxe4 Nxe4 25. Qxe4 g5 26. Qg2 Bg6 27. Rbd1 Bc2
28. Bxa5 Ra8 29. Bc7 Bxd1 30. Rxd1 Qf7 31. Qxb7 Rf8 32. Qd5
Qxd5 33. Rxd5 Nf3+ 34. Kg2 Ne1+ 35. Kf1 Nf3 36. h3 Ra8 37. a4
Ne5 38. Bxd6 Nc6 39. Bxc5 Na5 40. Rd3 h5 41. Bd4 Bf8 42. Bf6
g4 43. hxg4 hxg4 44. Be5 Kf7 45. Bc7 Nc6 46. Bd6 Bg7 47. Bc5
Na5 48. Ke2 Bf6 49. f3 gxf3+ 50. Kxf3 Kg6 51. Kg4 Kf7 52. Rd7+
Ke6 53. Rd6+ Kf7 54. Rd3 Nc6 55. Rd7+ Kg6 56. Rd6 Ne5+ 57. Kf4
Nf7 58. Rb6 Kg7 59. Bd4 Bxd4 60. Nxd4 Nh8 61. Nf5+ Kf7 62. e4
Ng6+ 63. Ke3 Ne5 64. Kd4 Nd7 65. Rb7 Ke6 66. c5 Rd8 67. Kc4
Rc8 68. b4 Ne5+ 69. Kb5 Nf3 70. Nd6 Ra8 71. a5 Nd4+ 72. Kc4
Nc6 73. g4 Ne5+ 74. Kb5 Nxg4 75. a6 Ne3 76. a7 Nc2 77. Ka6 1-0

[Event "Eurasian Blitz Chess Cup"]
[Site "Almaty KAZ"]
[Date "2016.06.18"]
[EventDate "2016.06.18"]
[Round "14.22"]
[Result "1/2-1/2"]
[White "Anuar Ismagambetov"]
[Black "Antoaneta Stefanova"]
[WhiteElo "2542"]
[BlackElo "2505"]
[PlyCount "122"]

1. e4 g6 2. d4 Bg7 3. f4 d6 4. Nc3 a6 5. Nf3 b5 6. Bd3 Nd7
7. e5 c5 8. exd6 cxd4 9. Ne2 Nc5 10. O-O Qxd6 11. b3 Nxd3
12. cxd3 Nh6 13. a4 b4 14. Ng3 Bb7 15. Ne4 Bxe4 16. dxe4 d3
17. Ra2 Bc3 18. h3 Qb6+ 19. Kh1 Rd8 20. f5 gxf5 21. Ng5 Qg6
22. exf5 Nxf5 23. Bf4 Ng3+ 24. Bxg3 Qxg5 25. Qf3 O-O 26. Bf4
Qg6 27. Bd2 Rc8 28. Qe3 Qd6 29. Rf3 Rfd8 30. Qg5+ Kf8 31. Qh5
Qg6 32. Qh4 Bxd2 33. Rxd2 Rc2 34. Qxb4 Rxd2 35. Qxd2 e5 36. b4
e4 37. Re3 Qf5 38. Re1 Rc8 39. b5 axb5 40. axb5 Rc2 41. Qb4+
Kg8 42. Qd6 d2 43. Rd1 Qxb5 44. Rxd2 Rxd2 45. Qxd2 Qf1+
46. Kh2 Qf5 47. Qd8+ Kg7 48. Qd4+ Kg6 49. Qd6+ f6 50. Kg3 Qg5+
51. Kf2 e3+ 52. Kf3 Kh6 53. Qe6 Kg6 54. Qe4+ Qf5+ 55. Kxe3
Qxe4+ 56. Kxe4 Kg5 57. g3 h5 58. Kf3 Kf5 59. h4 Ke5 60. Ke3
Kf5 61. Kf3 Ke5 1/2-1/2

[Event "Eurasian Blitz Chess Cup"]
[Site "Almaty KAZ"]
[Date "2016.06.19"]
[EventDate "2016.06.18"]
[Round "15.16"]
[Result "1-0"]
[White "Antoaneta Stefanova"]
[Black "Igor Kovalenko"]
[WhiteElo "2505"]
[BlackElo "2668"]
[PlyCount "144"]

1. d4 Nf6 2. Bg5 d5 3. e3 c5 4. c3 Nc6 5. Nf3 Qb6 6. Qc1 Ne4
7. Bf4 Bf5 8. Nbd2 Rc8 9. Be2 e6 10. O-O Be7 11. Nxe4 Bxe4
12. Qd2 O-O 13. b3 cxd4 14. exd4 Qa5 15. a4 Qd8 16. b4 a5
17. b5 Nb8 18. Rfc1 Nd7 19. Ne5 Nb6 20. c4 Nxc4 21. Nxc4 dxc4
22. Bxc4 Bf6 23. Be3 Bxg2 24. Bxe6 Rxc1+ 25. Rxc1 Bf3 26. Bh3
Qd5 27. Rc5 Qe4 28. Bf5 Qh4 29. Bf4 Re8 30. Bg3 Qh6 31. Qc3 g6
32. Rc8 Rf8 33. Rxf8+ Qxf8 34. Bh3 Kg7 35. Bg2 Bxg2 36. Kxg2
Qb4 37. Qd3 Bxd4 38. Qc2 h5 39. h3 Bf6 40. Bc7 Bc3 41. Bg3 Qd4
42. Qb3 Bb4 43. Qc2 b6 44. Bc7 Bc5 45. Bg3 Qd5+ 46. Kh2 Qd4
47. Kg2 h4 48. Bc7 Qd5+ 49. Kh2 Bd6+ 50. Bxd6 Qxd6+ 51. Kg2
Qd5+ 52. Kh2 Qd4 53. Kg2 Qd5+ 54. Kh2 Qf3 55. Qd2 Qe4 56. Qc3+
Kh7 57. Qb3 Qf4+ 58. Kg2 Kg7 59. Qc3+ Qf6 60. Qb3 Qd4 61. Qc2
f5 62. Qc7+ Kf6 63. Qc6+ Kg5 64. Qc1+ Kh5 65. Qc8 Qe4+ 66. Kh2
Qe5+ 67. Kg2 Qd5+ 68. Kg1 Qd4 69. Kg2 Kg5 70. Qc7 Qe4+ 71. Kg1
Qd4 72. Qe7+ Kh6 1-0

[Event "Eurasian Blitz Chess Cup"]
[Site "Almaty KAZ"]
[Date "2016.06.19"]
[EventDate "2016.06.18"]
[Round "16.16"]
[Result "1-0"]
[White "Igor Kovalenko"]
[Black "Antoaneta Stefanova"]
[WhiteElo "2668"]
[BlackElo "2505"]
[PlyCount "79"]

1. c4 g6 2. g3 Bg7 3. Bg2 e6 4. Nc3 Ne7 5. e3 d5 6. b3 c5
7. Ba3 b6 8. Nge2 Bb7 9. O-O Nbc6 10. cxd5 exd5 11. d4 cxd4
12. Nxd4 O-O 13. Nxc6 Bxc6 14. Rc1 Bb7 15. Qd2 Qd7 16. Rfd1
Rfd8 17. Bxe7 Qxe7 18. Nxd5 Bxd5 19. Bxd5 Rab8 20. e4 h5
21. Rc6 Kf8 22. Rdc1 Rb7 23. Qd3 Rbd7 24. Qf3 Qg5 25. Kg2 Kg8
26. R1c4 Kh8 27. Rc8 Qf6 28. Rxd8+ Rxd8 29. Qxf6 Bxf6 30. Rc7
a5 31. Rxf7 Bd4 32. Rc7 Rd6 33. f4 Rd8 34. a4 Bc5 35. Kf3 Rf8
36. Rc6 Kg7 37. e5 Rd8 38. Be4 g5 39. Rg6+ Kf8 40. Rxg5 1-0

[Event "Eurasian Blitz Chess Cup"]
[Site "Almaty KAZ"]
[Date "2016.06.19"]
[EventDate "2016.06.18"]
[Round "17.17"]
[Result "0-1"]
[White "Levan Pantsulaia"]
[Black "Antoaneta Stefanova"]
[WhiteElo "2612"]
[BlackElo "2505"]
[PlyCount "62"]

1. Nf3 g6 2. g3 Bg7 3. Bg2 d5 4. O-O e6 5. c4 Ne7 6. d4 Nbc6
7. Na3 O-O 8. e3 a6 9. Bd2 e5 10. dxe5 Nxe5 11. Nxe5 Bxe5
12. Qb3 Be6 13. Bc3 dxc4 14. Qxb7 Bxc3 15. bxc3 Qd6 16. Nc2
Rab8 17. Qa7 Rb6 18. Rfd1 Qe5 19. Nd4 Bd5 20. Bxd5 Nxd5
21. Rac1 Qe4 22. Rd2 h5 23. h4 Nxe3 24. f3 Qe5 25. Kf2 Nf5
26. Nxf5 gxf5 27. Rcc2 Qc5+ 28. Rd4 Qc6 29. Rcd2 Kg7 30. Rd8
Rxd8 31. Rxd8 Qc5+ 0-1

[Event "Eurasian Blitz Chess Cup"]
[Site "Almaty KAZ"]
[Date "2016.06.19"]
[EventDate "2016.06.18"]
[Round "18.17"]
[Result "1-0"]
[White "Antoaneta Stefanova"]
[Black "Levan Pantsulaia"]
[WhiteElo "2505"]
[BlackElo "2612"]
[PlyCount "75"]

1. d4 Nf6 2. Bg5 e6 3. Nd2 c5 4. e3 b6 5. Ngf3 Bb7 6. Bd3 Be7
7. Bxf6 Bxf6 8. c3 O-O 9. Qe2 d5 10. Ne5 Bxe5 11. dxe5 Nd7
12. f4 f6 13. exf6 Qxf6 14. O-O g6 15. e4 Rae8 16. e5 Qg7
17. Qe3 Re7 18. Nf3 Bc6 19. a4 a5 20. b3 Rc8 21. Ng5 Nf8
22. Qe2 h6 23. Nf3 Rf7 24. Qe3 Nd7 25. Rae1 Rcf8 26. Nh4 g5
27. Ng6 gxf4 28. Qh3 Re8 29. Qh5 c4 30. bxc4 Nc5 31. Bc2 dxc4
32. Re2 Nd3 33. Rd2 f3 34. gxf3 Kh7 35. Rg2 Rg8 36. Nh4 Qxg2+
37. Nxg2 Rxg2+ 38. Kxg2 1-0

[Event "Eurasian Blitz Chess Cup"]
[Site "Almaty KAZ"]
[Date "2016.06.19"]
[EventDate "2016.06.18"]
[Round "19.10"]
[Result "1-0"]
[White "Vladimir Onischuk"]
[Black "Antoaneta Stefanova"]
[WhiteElo "2613"]
[BlackElo "2505"]
[PlyCount "75"]

1. e4 g6 2. d4 Bg7 3. Nc3 d6 4. Be3 a6 5. a4 b6 6. Qd2 Bb7
7. h4 Nf6 8. f3 Nbd7 9. g4 h6 10. Be2 c5 11. d5 Ne5 12. Nh3
Qc7 13. Nf2 Bc8 14. Rg1 Rb8 15. f4 Ned7 16. h5 gxh5 17. gxh5
Kf8 18. Bc4 Nxh5 19. Qe2 Nhf6 20. Bxa6 Bxa6 21. Qxa6 h5
22. Qe2 Ra8 23. Rg2 Ne8 24. Kd2 Bf6 25. Rag1 Ng7 26. Nb5 Qc8
27. b3 c4 28. Rc1 Ke8 29. Bd4 Kf8 30. Qe3 Rh7 31. Rcg1 cxb3
32. cxb3 e5 33. dxe6 fxe6 34. Nxd6 Qc6 35. e5 Be7 36. Qd3 Bxd6
37. Qxh7 Bb4+ 38. Ke2 1-0

[Event "Eurasian Blitz Chess Cup"]
[Site "Almaty KAZ"]
[Date "2016.06.19"]
[EventDate "2016.06.18"]
[Round "20.10"]
[Result "0-1"]
[White "Antoaneta Stefanova"]
[Black "Vladimir Onischuk"]
[WhiteElo "2505"]
[BlackElo "2613"]
[PlyCount "86"]

1. d4 d6 2. e4 Nf6 3. Nc3 g6 4. Be3 c6 5. Qd2 Nbd7 6. h4 b5
7. f3 Nb6 8. b3 Qc7 9. a4 b4 10. Nd1 a5 11. Nb2 Bg7 12. Bh6
Bxh6 13. Qxh6 c5 14. d5 Bd7 15. Nc4 Nxc4 16. Bxc4 O-O-O
17. Ne2 Rhg8 18. O-O-O e5 19. g4 Rdf8 20. Ng3 Qd8 21. Rdg1 Kc7
22. Qd2 Ne8 23. Bd3 Ng7 24. f4 exf4 25. Qxf4 Qe7 26. Kb1 Qe5
27. Rf1 Ne8 28. Ne2 f6 29. Rf2 h5 30. gxh5 gxh5 31. Rhf1 Rg4
32. Qh6 Rfg8 33. Nf4 Rg1 34. Ka2 Rxf1 35. Rxf1 Rg4 36. Ng6 Qc3
37. Nf8 Rg2 38. Kb1 c4 39. bxc4 b3 40. Qc1 Bxa4 41. Ne6+ Kd7
42. Qb2 bxc2+ 43. Kc1 Qd2# 0-1

[Event "Eurasian Blitz Chess Cup"]
[Site "Almaty KAZ"]
[Date "2016.06.19"]
[EventDate "2016.06.18"]
[Round "21.18"]
[Result "0-1"]
[White "Antoaneta Stefanova"]
[Black "Mustafa Yilmaz"]
[WhiteElo "2505"]
[BlackElo "2613"]
[PlyCount "112"]

1. d4 d6 2. e4 Nf6 3. Nc3 e5 4. Nf3 Nbd7 5. Bc4 Be7 6. O-O O-O
7. Re1 c6 8. a4 a5 9. h3 Nb6 10. Ba2 Nfd7 11. Be3 exd4
12. Bxd4 Nc5 13. Bb1 Ne6 14. Be3 Nc4 15. Bc1 Qb6 16. Ra2 Bf6
17. Nd2 Ne5 18. b3 Bd7 19. Ne2 Bh4 20. Rf1 Rad8 21. Bb2 Bc8
22. Nc4 Nxc4 23. bxc4 Nc5 24. Bd4 Qc7 25. c3 Rfe8 26. Ng3 Bxg3
27. fxg3 Nxe4 28. Qf3 f5 29. Re2 c5 30. Bf2 Nxf2 31. Qxf2 g6
32. Rfe1 Qf7 33. Bd3 Bd7 34. Rb1 Rxe2 35. Qxe2 Bxa4 36. Qa2
Bc6 37. Qxa5 Re8 38. Qa2 Qe7 39. Rd1 Qe3+ 40. Kh2 f4 41. gxf4
Qxf4+ 42. Kg1 Qg3 43. Bf1 Qxc3 44. Rxd6 Qe3+ 45. Qf2 Qxf2+
46. Kxf2 Rf8+ 47. Kg1 Kf7 48. h4 Ke7 49. Rd2 Rf4 50. g3 Rf3
51. Rg2 Rxf1+ 52. Kxf1 Bxg2+ 53. Kxg2 Kd6 54. Kf3 Kc6 55. Ke4
b5 56. Kd3 b4 0-1

[Event "Eurasian Blitz Chess Cup"]
[Site "Almaty KAZ"]
[Date "2016.06.19"]
[EventDate "2016.06.18"]
[Round "22.18"]
[Result "1/2-1/2"]
[White "Mustafa Yilmaz"]
[Black "Antoaneta Stefanova"]
[WhiteElo "2613"]
[BlackElo "2505"]
[PlyCount "137"]

1. c4 g6 2. Nc3 Bg7 3. d4 e6 4. Nf3 d5 5. Bg5 Nf6 6. e4 h6
7. Bxf6 Bxf6 8. cxd5 O-O 9. dxe6 Bxe6 10. Be2 Bg7 11. O-O c6
12. h3 Qb6 13. Na4 Qa5 14. Nc5 Bc8 15. e5 Nd7 16. a3 Rd8
17. b4 Qc7 18. Qb3 Nxc5 19. bxc5 b5 20. cxb6 axb6 21. a4 Be6
22. Bc4 Bxc4 23. Qxc4 Ra5 24. Rfc1 c5 25. Qb3 Qa7 26. dxc5
bxc5 27. Ra2 Qe7 28. Rac2 Rda8 29. Rc4 Qa7 30. Qc2 Rxa4 31. e6
Rxc4 32. Qxc4 fxe6 33. Qxe6+ Qf7 34. Qxf7+ Kxf7 35. Rxc5 Ra7
36. g4 Bf6 37. Kg2 Kg7 38. Rc6 Rd7 39. Re6 Ra7 40. Rc6 Rb7
41. Kg3 Ra7 42. h4 h5 43. g5 Ba1 44. Ne1 Be5+ 45. f4 Ra3+
46. Nf3 Bb8 47. Rb6 Ba7 48. Rb7+ Kf8 49. Kg2 Ra2+ 50. Kg3 Ra3
51. f5 gxf5 52. Kf4 Kg8 53. Ne5 Bf2 54. Rb8+ Kg7 55. Rb7+ Kg8
56. Kxf5 Bxh4 57. Rb8+ Kg7 58. Rb7+ Kg8 59. Rb8+ Kg7 60. Rb5
Ra7 61. Rb6 Ra5 62. Rg6+ Kf8 63. Rf6+ Kg7 64. Re6 Bg3 65. Re7+
Kf8 66. Re6 Bxe5 67. Rxe5 Rxe5+ 68. Kxe5 Kg7 69. Kf5 1/2-1/2

[Event "FIDE Women's Grand Prix Chengdu"]
[Site "Chengdu CHN"]
[Date "2016.07.02"]
[EventDate "2016.07.02"]
[Round "1.1"]
[Result "1/2-1/2"]
[White "Antoaneta Stefanova"]
[Black "Mariya Muzychuk"]
[WhiteElo "2512"]
[BlackElo "2545"]
[PlyCount "167"]

1. d4 d5 2. Nf3 Nf6 3. e3 Bg4 4. h3 Bh5 5. g4 Bg6 6. Ne5 Nfd7
7. Nxg6 hxg6 8. c4 c6 9. Qb3 Qc7 10. Nc3 e6 11. e4 e5 12. exd5
exd4 13. Ne2 Na6 14. Bf4 Qa5+ 15. Kd1 Nac5 16. Qf3 cxd5
17. Nxd4 O-O-O 18. Kc2 Nb6 19. Bd2 Qa4+ 20. b3 Qd7 21. cxd5
Qxd5 22. Qxd5 Nxd5 23. Bg2 Be7 24. Rad1 a6 25. Ba5 Nc7 26. b4
Nd7 27. Rhe1 Bf6 28. b5 Nc5 29. Bxc7 Kxc7 30. Nb3 Nxb3
31. Kxb3 axb5 32. f4 Bh4 33. Rxd8 Rxd8 34. Re5 Rd2 35. Bf1 Rf2
36. Bxb5 Rf3+ 37. Kb4 Rxf4+ 38. Bc4 Rf3 39. Bd5 Rf4+ 40. Re4
Rf2 41. Kb5 Bg5 42. a4 b6 43. Rd4 Be7 44. Rd3 Rc2 45. Bc4 f5
46. Re3 Bf6 47. Re6 Rb2+ 48. Ka6 f4 49. Bd5 Rd2 50. Bb7 Rd3
51. Rc6+ Kd7 52. Rxb6 f3 53. Bc6+ Kc7 54. Bb5 Rd1 55. g5 Bxg5
56. Rb7+ Kc8 57. Rxg7 Rd6+ 58. Ka7 Be3+ 59. Ka8 Rf6 60. Re7
Bb6 61. Ba6+ Kd8 62. Re1 Ba5 63. Rd1+ Kc7 64. Bf1 Bb4 65. Rc1+
Kb6 66. Rc8 Rf7 67. Rb8+ Ka5 68. Rb7 Rf8+ 69. Rb8 Rf6 70. Kb7
Kxa4 71. Rc8 Kb3 72. Rc6 Rxc6 73. Kxc6 Kc3 74. Kd5 Kd2 75. Ke4
Ke1 76. Kxf3 Kxf1 77. h4 Bd2 78. Kg4 Bh6 79. Kf3 Ke1 80. Ke4
Bf8 81. Kf4 Be7 82. Kg4 Ke2 83. h5 gxh5+ 84. Kxh5 1/2-1/2

[Event "FIDE Women's Grand Prix Chengdu"]
[Site "Chengdu CHN"]
[Date "2016.07.03"]
[EventDate "2016.07.02"]
[Round "2.6"]
[Result "1/2-1/2"]
[White "Antoaneta Stefanova"]
[Black "Bela Khotenashvili"]
[WhiteElo "2512"]
[BlackElo "2454"]
[PlyCount "75"]

1. d4 d5 2. Nf3 Nf6 3. e3 c5 4. Nbd2 e6 5. b3 Nc6 6. Bb2 Bd6
7. Bd3 O-O 8. O-O cxd4 9. exd4 Qc7 10. c4 dxc4 11. bxc4 Nb4
12. Be2 b6 13. a3 Nc6 14. Bd3 Bb7 15. Re1 Ne7 16. d5 exd5
17. Bxf6 gxf6 18. cxd5 Bxd5 19. Ne4 Bxe4 20. Bxe4 Rad8 21. Qb1
Ng6 22. h4 Rfe8 23. h5 Nf8 24. Bf5 Bc5 25. Re4 Rxe4 26. Qxe4
Qd6 27. a4 a5 28. Re1 Qg3 29. Rf1 h6 30. Qc4 Qd6 31. Qg4+ Kh8
32. Bc2 Re8 33. Rd1 Qc7 34. Bd3 Rd8 35. Qf5 Kg7 36. Qg4+ Kh8
37. Qf5 Kg7 38. Qg4+ 1/2-1/2

[Event "FIDE Women's Grand Prix Chengdu"]
[Site "Chengdu CHN"]
[Date "2016.07.04"]
[EventDate "2016.07.02"]
[Round "3.2"]
[Result "0-1"]
[White "Zhao Xue"]
[Black "Antoaneta Stefanova"]
[WhiteElo "2510"]
[BlackElo "2512"]
[PlyCount "74"]

1. d4 d5 2. c4 c6 3. Nf3 Nf6 4. Nc3 a6 5. a4 e6 6. g3 Bb4
7. Bg2 Nbd7 8. O-O O-O 9. Qc2 a5 10. Bf4 dxc4 11. e4 b6
12. Rfd1 Re8 13. h3 Bf8 14. g4 Ba6 15. g5 Nh5 16. Bh2 Qe7
17. h4 f6 18. Bh3 g6 19. gxf6 Ndxf6 20. Ne5 Qb7 21. b3 c5
22. d5 exd5 23. exd5 cxb3 24. Qxb3 Bd6 25. Be6+ Kg7 26. Rab1
Rab8 27. Qb2 Qc7 28. Re1 c4 29. Kf1 Nxd5 30. Nxd5 c3+ 31. Kg2
Bb7 32. Qb3 Rxe6 33. Kg1 Bxd5 34. Qxd5 Rbe8 35. Qd4 Nf6
36. Rb5 c2 37. Qb2 Bxe5 0-1

[Event "FIDE Women's Grand Prix Chengdu"]
[Site "Chengdu CHN"]
[Date "2016.07.05"]
[EventDate "2016.07.02"]
[Round "4.5"]
[Result "1/2-1/2"]
[White "Antoaneta Stefanova"]
[Black "Olga Girya"]
[WhiteElo "2512"]
[BlackElo "2444"]
[PlyCount "79"]

1. c4 c6 2. Nf3 d5 3. g3 Bg4 4. Qb3 Qb6 5. Ne5 Be6 6. Bg2 dxc4
7. Nxc4 Qa6 8. d3 Nf6 9. Qc2 Nbd7 10. Bd2 Bd5 11. e4 Bxc4
12. dxc4 e5 13. b4 Qb6 14. a3 a5 15. c5 Qc7 16. Ra2 Be7
17. Bc3 O-O 18. Nd2 axb4 19. Bxb4 b6 20. cxb6 Nxb6 21. Bxe7
Qxe7 22. Qxc6 Nbd7 23. Qc3 Rfc8 24. Qa1 Ra4 25. O-O Rca8
26. Rc1 Rxa3 27. Rxa3 Rxa3 28. Rc8+ Nf8 29. Qb2 Rd3 30. Bf1
Rd8 31. Rxd8 Qxd8 32. Nf3 Nxe4 33. Qxe5 Nd2 34. Nxd2 Qxd2
35. Kg2 Qb4 36. Qd5 Qe7 37. Bc4 Qf6 38. h4 g6 39. h5 Kg7
40. hxg6 1/2-1/2

[Event "FIDE Women's Grand Prix Chengdu"]
[Site "Chengdu CHN"]
[Date "2016.07.07"]
[EventDate "2016.07.01"]
[Round "5"]
[Result "1/2-1/2"]
[White "Tan Zhongyi"]
[Black "Antoaneta Stefanova"]
[WhiteElo "2495"]
[BlackElo "2512"]
[PlyCount "101"]

1. d4 d5 2. c4 c6 3. Nf3 Nf6 4. Nc3 a6 5. c5 Bf5 6. Bf4 Nbd7
7. e3 Nh5 8. Bd3 Nxf4 9. exf4 g6 10. Ne5 Bxd3 11. Qxd3 Bg7
12. O-O O-O 13. Rae1 Qc7 14. Re2 Rae8 15. Rfe1 e6 16. g3 Re7
17. h4 Rfe8 18. h5 gxh5 19. Kg2 Nf8 20. Rh1 f6 21. Nf3 e5
22. dxe5 fxe5 23. fxe5 Bxe5 24. Rxh5 Bf6 25. Rf5 Bxc3 26. Rxe7
Qxe7 27. Qxc3 Ng6 28. Ng5 Rf8 29. Rxf8+ Nxf8 30. Nf3 Nd7
31. b4 a5 32. a3 axb4 33. axb4 Qe4 34. Qd4 Qxd4 35. Nxd4 Ne5
36. f4 Nd3 37. Nc2 Kf7 38. Kf3 h5 39. Ke2 Nb2 40. Na3 Ke6
41. Kd2 Kf5 42. Kc2 Nc4 43. Nxc4 dxc4 44. Kc3 Kg4 45. Kxc4
Kxg3 46. f5 h4 47. f6 h3 48. f7 h2 49. f8=Q h1=Q 50. Qg7+ Kf4
51. Qxb7 1/2-1/2

[Event "FIDE Women's Grand Prix Chengdu"]
[Site "Chengdu CHN"]
[Date "2016.07.08"]
[EventDate "2016.07.02"]
[Round "6.4"]
[Result "1-0"]
[White "Antoaneta Stefanova"]
[Black "Lela Javakhishvili"]
[WhiteElo "2512"]
[BlackElo "2487"]
[PlyCount "139"]

1. Nf3 c5 2. b3 d6 3. e3 e5 4. d4 cxd4 5. exd4 e4 6. Bb5+ Bd7
7. Bxd7+ Nxd7 8. Qe2 d5 9. Ne5 Bd6 10. f4 Ne7 11. Qb5 Qc7
12. c4 a6 13. Qxd7+ Qxd7 14. Nxd7 Kxd7 15. Ke2 f5 16. Nc3 Ke6
17. Be3 Rac8 18. c5 Bc7 19. g3 h6 20. b4 Rcg8 21. Kf2 g5
22. Ne2 Nc6 23. a3 Kd7 24. h4 g4 25. Rhb1 Ra8 26. a4 Rhb8
27. Bd2 b5 28. Nc3 Nxd4 29. Nxd5 Kc6 30. Ne3 bxa4 31. Rxa4 a5
32. Bc3 Nb5 33. Be1 axb4 34. Raxb4 Ra2+ 35. Kf1 Ba5 36. R4b3
Bxe1 37. Kxe1 Rh2 38. Nxf5 Kxc5 39. Rc1+ Kd5 40. Ne3+ Kd6
41. Rd1+ Kc6 42. Rd5 Rh1+ 43. Kf2 Rh2+ 44. Kg1 Re2 45. Rd1 Ra8
46. Nxg4 Raa2 47. Rc1+ Rec2 48. Rxc2+ Rxc2 49. Nxh6 Nd4
50. Re3 Nf3+ 51. Kf1 Kd5 52. Re2 Nh2+ 53. Kf2 Rc6 54. Nf5 Ng4+
55. Kg2 Rc3 56. Kh3 Nf6 57. Re3 Rc1 58. Ra3 Rh1+ 59. Kg2 Rb1
60. Ne3+ Kd4 61. g4 Nd5 62. Nxd5 Kxd5 63. h5 Kd4 64. h6 Rb2+
65. Kg3 Rb1 66. g5 e3 67. Ra2 Rg1+ 68. Kf3 Rf1+ 69. Kg2 Rxf4
70. Ra4+ 1-0

[Event "FIDE Women's Grand Prix Chengdu"]
[Site "Chengdu CHN"]
[Date "2016.07.09"]
[EventDate "2016.07.01"]
[Round "7"]
[Result "1/2-1/2"]
[White "Ju Wenjun"]
[Black "Antoaneta Stefanova"]
[WhiteElo "2578"]
[BlackElo "2512"]
[PlyCount "80"]

1. d4 d5 2. c4 c6 3. Nc3 Nf6 4. cxd5 cxd5 5. Bf4 Nc6 6. e3 Bg4
7. f3 Bf5 8. g4 Bg6 9. Qb3 Qd7 10. Na4 e6 11. h4 Bb4+ 12. Kf2
h6 13. Bb5 Qe7 14. Ne2 Rc8 15. Rac1 Bd2 16. Rcd1 Ba5 17. Rc1
Bd2 18. Bxc6+ bxc6 19. Rcd1 Ba5 20. h5 Bh7 21. Rdg1 Qb4
22. Qxb4 Bxb4 23. a3 Be7 24. Rc1 Nd7 25. Rc3 Nb6 26. Nc5 Nc4
27. b4 Bxc5 28. bxc5 f6 29. Rb3 e5 30. Bg3 Kd7 31. Rc1 Rb8
32. Rcc3 a5 33. Rxb8 Rxb8 34. e4 Rb2 35. dxe5 Nxe5 36. exd5
cxd5 37. Ke1 Rb1+ 38. Kf2 Rb2 39. Ke1 Rb1+ 40. Kf2 Rb2 1/2-1/2

[Event "FIDE Women's Grand Prix Chengdu"]
[Site "Chengdu CHN"]
[Date "2016.07.10"]
[EventDate "2016.07.01"]
[Round "8"]
[Result "1/2-1/2"]
[White "Antoaneta Stefanova"]
[Black "Dronavalli Harika"]
[WhiteElo "2512"]
[BlackElo "2526"]
[PlyCount "32"]

1. d4 Nf6 2. Nf3 g6 3. Bf4 Bg7 4. c3 d6 5. Nbd2 O-O 6. e4 Nbd7
7. h3 e5 8. dxe5 dxe5 9. Be3 b6 10. b4 a5 11. Qb1 Bb7 12. Bc4
Ne8 13. Bg5 Bf6 14. Bh6 Bg7 15. Bg5 Bf6 16. Bh6 Bg7 1/2-1/2